Principi di educazione sessuale /

সংরক্ষণ করুন:
গ্রন্থ-পঞ্জীর বিবরন
প্রধান লেখক: Hild, Sigurd (লেখক)
অন্যান্য লেখক: Rasetschnig, Federico (অনুবাদক)
বিন্যাস: গ্রন্থ
ভাষা:ইতালিয়
প্রকাশিত: Roma : Edizioni mediterranee, 1965
বিষয়গুলি:
ট্যাগগুলো: ট্যাগ যুক্ত করুন
কোনো ট্যাগ নেই, প্রথমজন হিসাবে ট্যাগ করুন!

MARC

LEADER 00000nam a22000007i 4500
001 IT\ICCU\SBL\0281828
003 ItRI
005 20260115232347.0
008 910930s1965 it |||||| ||||| |||||c
015 |2 IT  |a 658025 
040 |b ita  |c importazione bologna sebina 
041 7 |a ita  |2 ISO-639-2 
082 |a 612.6  |9 SESSO, RIPRODUZIONE, ACCRESCIMENTO CORPOREO  |2 16 
100 1 |a Hild, Sigurd  |0 IT\ICCU\SBLV\060445  |4 aut 
240 1 0 |a Sexualerziehung.  |3 IT\ICCU\SBL\0096916  |9 Hild, Sigurd 
245 1 0 |a Principi di educazione sessuale /  |c Sigurd Hild. 
260 |a Roma :  |b Edizioni mediterranee,  |c 1965 
300 |a 201 p., [18] p. di tav. :  |b ill. ;  |c 22 cm 
500 |a Trad. F. Rasetsching. 
650 7 |a Educazione sessuale 
700 1 |a Rasetschnig, Federico  |0 IT\ICCU\SBLV\029332  |4 trl 
942 |2 ddc  |c BK  |n 0 
952 |0 0  |1 0  |4 0  |6 DOC_301_470000000000000_HIL  |7 0  |9 24783  |a BO  |b BO  |d 2026-01-15  |i 370  |l 0  |o DOC 301.47 HIL  |p BO370  |r 2026-01-15 23:23:47  |w 2026-01-15  |x [Sebina 5] [1 v.]  |y BK  |z 1 v. 
999 |c 21066  |d 21066